Beyond the Rockies; (Record no. 51953)
[ view plain ]
| 000 -LEADER | |
|---|---|
| fixed length control field | 01835cam a22003011 4500 |
| 001 - CONTROL NUMBER | |
| control field | rc 01000910 |
| 003 - CONTROL NUMBER IDENTIFIER | |
| control field | DLC |
| 005 - DATE AND TIME OF LATEST TRANSACTION | |
| control field | 20260227111901.0 |
| 007 - PHYSICAL DESCRIPTION FIXED FIELD--GENERAL INFORMATION | |
| fixed length control field | cr ||||||||||| |
| 008 - FIXED-LENGTH DATA ELEMENTS--GENERAL INFORMATION | |
| fixed length control field | 810519s1894 nyuf 000 0 eng |
| 010 ## - LIBRARY OF CONGRESS CONTROL NUMBER | |
| LC control number | rc 01000910 |
| 040 ## - CATALOGING SOURCE | |
| Original cataloging agency | DLC |
| Transcribing agency | CarP |
| Modifying agency | DLC |
| 043 ## - GEOGRAPHIC AREA CODE | |
| Geographic area code | n-us-ca |
| -- | n-usp-- |
| 050 00 - LIBRARY OF CONGRESS CALL NUMBER | |
| Classification number | F867 |
| Item number | .S86 |
| 100 1# - MAIN ENTRY--PERSONAL NAME | |
| Personal name | Stoddard, Charles Augustus, |
| Dates associated with a name | 1833-1920. |
| 245 10 - TITLE STATEMENT | |
| Title | Beyond the Rockies; |
| Remainder of title | a spring journey in California, |
| Statement of responsibility, etc. | by Charles Augustus Stoddard ... |
| 260 ## - PUBLICATION, DISTRIBUTION, ETC. | |
| Place of publication, distribution, etc. | New York, |
| Name of publisher, distributor, etc. | C. Scribner's sons, |
| Date of publication, distribution, etc. | 1894. |
| 300 ## - PHYSICAL DESCRIPTION | |
| Extent | xiii, 214 p. |
| Other physical details | front., plates. |
| Dimensions | 21 cm. |
| 520 ## - SUMMARY, ETC. | |
| Summary, etc. | Charles Augustus Stoddard (1833-1920), a Presbyterian clergyman, was the editor of the New York Observer, 1885-1902. Beyond the Rockies (1894) recounts his train trip to California with his wife in early 1893. Their route through the south allowed for stopovers in New Orleans, San Antonio, El Paso, and an Indian Bureau school near Tucson. The Stoddards visit California from south to north, including Coronado Beach, Pasadena, Los Angeles, Santa Barbara and the missions, Yosemite, the redwood forests, Hetch-Hetchy Valley, the Santa Clara Valley, San Francisco, and Sacramento. Eastward bound, he describes stopovers in Salt Lake City, Leadville, Colorado Springs, Manitou, and Denver, and the Chicago World's Fair. |
| 530 ## - ADDITIONAL PHYSICAL FORM AVAILABLE NOTE | |
| Additional physical form available note | Also available in digital form on the Library of Congress Web site. |
| 540 ## - TERMS GOVERNING USE AND REPRODUCTION NOTE | |
| Terms governing use and reproduction | No known restrictions on publication. |
| 530 ## - ADDITIONAL PHYSICAL FORM AVAILABLE NOTE | |
| Additional physical form available note | Also available in digital form on the Internet Archive Web site. |
| 651 #0 - SUBJECT ADDED ENTRY--GEOGRAPHIC NAME | |
| Geographic name | California, Southern |
| General subdivision | Description and travel. |
| 651 #0 - SUBJECT ADDED ENTRY--GEOGRAPHIC NAME | |
| Geographic name | West (U.S.) |
| General subdivision | Description and travel. |
| 650 #0 - SUBJECT ADDED ENTRY--TOPICAL TERM | |
| Topical term or geographic name entry element | Ethnic groups |
| Geographic subdivision | California. |
| 856 41 - ELECTRONIC LOCATION AND ACCESS | |
| Path | calbk |
| Electronic name | 016 |
| Electronic format type | t |
| Uniform Resource Identifier | <a href="http://hdl.loc.gov/loc.gdc/calbk.016">http://hdl.loc.gov/loc.gdc/calbk.016</a> |
| 856 41 - ELECTRONIC LOCATION AND ACCESS | |
| Uniform Resource Identifier | <a href="http://hdl.loc.gov/loc.gdc/scd0001.00110226470">http://hdl.loc.gov/loc.gdc/scd0001.00110226470</a> |
No items available.